00638nam a2200217 a 4500001000700000005001700007008004100024041000800065044000800073050002200081100002200103245008500125260002800210300002400238440002900262500001000291500003200301504003100333600003300364700002300397BRL_8620190320210600.0871020s19uu####nyuo######---#000-0#eng-# aeng anyu 4aND25b.T37 2 19001 aEstienne, Charles10aVan Goghbcritical studycBy Charles Estienne ; Translated by S. J. C. Harrison. aNew YorkbSkirac[19--] a127 p.bil.c19 cm. 0aThe taste of our timev2 aAu719 aIncluye índice de nombres aBibliografía: p. 117-11914aGogh, Vincent vand1853-18901 aHarrison, S. J. C.